| Tag |
First Indicator |
Second Indicator |
Subfields |
| LEADER |
00000cas a2200000u 4500 |
| 001 |
in00000036974 |
| 005 |
20240916211559.7 |
| 008 |
760712d19471959enkuu 0 0eng u |
| 019 |
|
|
|a 33915976
|
| 022 |
|
|
|a 2753-4472
|
| 035 |
|
|
|a (OCoLC)02447358
|
| 035 |
|
|
|9 AAE3836AM
|
| 040 |
|
|
|c QPR
|d DLC
|d OCL
|d UtOrBLW
|
| 043 |
|
|
|a e-uk---
|
| 050 |
|
4 |
|a TL716
|b .H44
|
| 049 |
|
|
|a TXAE
|
| 245 |
1 |
0 |
|a Journal of the Helicopter Association of Great Britain
|
| 264 |
|
1 |
|a London ;
|b Helicopter Association of Great Britain
|
| 310 |
|
|
|a Bimonthly
|
| 336 |
|
|
|a text
|b txt
|2 rdacontent
|
| 337 |
|
|
|a unmediated
|b n
|2 rdamedia
|
| 338 |
|
|
|a volume
|b nc
|2 rdacarrier
|
| 362 |
1 |
|
|a Began with Vol. 1, no. 1 (July/August/September 1947); ceased with Vol 13, no 6 (December 1959).
|
| 555 |
|
|
|a Index published separately.
|
| 580 |
|
|
|a Continues the society's bulletin. Absorbed by the journal of the Royal Aeronautical Society
|
| 610 |
2 |
0 |
|a Helicopter Association of Great Britain
|v Periodicals.
|
| 650 |
|
0 |
|a Helicopters
|z Great Britain
|v Periodicals.
|
| 710 |
2 |
|
|a Helicopter Association of Great Britain.
|
| 776 |
0 |
8 |
|t Journal of the Helicopter Association of Great Britain
|x 2753-4480
|w (DLC) 2024237473
|w (OCoLC)1409541257
|
| 780 |
0 |
0 |
|a Helicopter Association of Great Britain.
|t Bulletin
|
| 785 |
0 |
4 |
|t Journal of the Royal Aeronautical Society
|w (DLC)sc 79005649
|w (OCoLC)1764569
|
| 999 |
|
|
|a MARS
|
| 999 |
f |
f |
|s b18c102b-457d-3c1d-9458-c218e3ce0d1f
|i a7481637-6f2b-3339-b2bd-af7f0aa89b86
|t 0
|
| 952 |
f |
f |
|a Texas A&M University
|b Rellis Campus
|c Joint Library Facility
|d Remote Storage
|e TL716 .H44
|h Library of Congress classification
|i unmediated -- volume
|k v.10
|l 1956
|m A14821534029
|p ric
|s JLF
|t 0
|
| 952 |
f |
f |
|a Texas A&M University
|b Rellis Campus
|c Joint Library Facility
|d Remote Storage
|e TL716 .H44
|h Library of Congress classification
|i unmediated -- volume
|k v.1 -v.2
|l 1947-1948
|m A14813858265
|p ric
|s JLF
|t 0
|
| 952 |
f |
f |
|a Texas A&M University
|b Rellis Campus
|c Joint Library Facility
|d Remote Storage
|e TL716 .H44
|h Library of Congress classification
|i unmediated -- volume
|k v.9
|l 1955/56
|m A14852385997
|p ric
|s JLF
|t 0
|
| 952 |
f |
f |
|a Texas A&M University
|b Rellis Campus
|c Joint Library Facility
|d Remote Storage
|e TL716 .H44
|h Library of Congress classification
|i unmediated -- volume
|k v.5-6
|l 1951-53
|m A14852386037
|p ric
|s JLF
|t 0
|
| 952 |
f |
f |
|a Texas A&M University
|b Rellis Campus
|c Joint Library Facility
|d Remote Storage
|e TL716 .H44
|h Library of Congress classification
|i unmediated -- volume
|k v.12
|l 1958
|m A14852386011
|p ric
|s JLF
|t 0
|
| 952 |
f |
f |
|a Texas A&M University
|b Rellis Campus
|c Joint Library Facility
|d Remote Storage
|e TL716 .H44
|h Library of Congress classification
|i unmediated -- volume
|k v.8
|l 1954/55
|m A14821534079
|p ric
|s JLF
|t 0
|
| 952 |
f |
f |
|a Texas A&M University
|b Rellis Campus
|c Joint Library Facility
|d Remote Storage
|e TL716 .H44
|h Library of Congress classification
|i unmediated -- volume
|k v.3-4
|l 1949-51
|m A14852386029
|p ric
|s JLF
|t 0
|
| 952 |
f |
f |
|a Texas A&M University
|b Rellis Campus
|c Joint Library Facility
|d Remote Storage
|e TL716 .H44
|h Library of Congress classification
|i unmediated -- volume
|k v.11
|l 1957
|m A14852386003
|p ric
|s JLF
|t 0
|
| 952 |
f |
f |
|a Texas A&M University
|b Rellis Campus
|c Joint Library Facility
|d Remote Storage
|e TL716 .H44
|h Library of Congress classification
|i unmediated -- volume
|k v.7:no.1 -v.7:no.4
|l 1953-1954
|m A14813875461
|p ric
|s JLF
|t 0
|
| 998 |
f |
f |
|a TL716 .H44
|s v.1-12 (1947/1948-1958),
|t 0
|l Remote Storage
|